Aplique dBase IV

Uloženo v:
Podrobná bibliografie
Hlavní autor: Jones, Edward (Autor)
Médium: Kniha
Jazyk:španělština
Vydáno: Madrid Osborne McGraw-Hill 1989
Témata:
Tagy: Přidat tag
Žádné tagy, Buďte první, kdo vytvoří štítek k tomuto záznamu!

MARC

LEADER 00000nam a2200000 a 4500
001 UCV4141
003 CL-VaPUC
008 900424e19890000SP |||||||||||||||||spa|d
082 0 4 |a 005.133  |b JON  |2 21 
100 |a Jones, Edward  |e author  |9 304570 
245 1 0 |a Aplique dBase IV 
300 |a 640 p 
942 |c BK 
945 |d 19900424 00:00:00  |a mfernand 
260 |a Madrid  |b Osborne McGraw-Hill  |c 1989 
650 0 |a Administración de bases de datos   |9 260338 
650 0 |a Computadores  |9 258188 
650 0 |a Programación de computadores   |9 259531 
650 7 |a dBASE IV  |2 CL-VaPUC  |9 260339 
650 0 |a Programas para computadores  |9 260340 
583 |a last modification  |c 20150417 17:44:48  |k Rodrigo Vera 
999 |c 211126  |d 211124